Zvýšenie minimálnej mzdy na rok 2018

Faktory ovplyvňujúce zvyšovanie minimálnej mzdy. Kaitzov index z pohľadu regiónov. Požiadavky na minimálnu mzdu vyplývajúce z európskej sociálnej charty. Medzinárodné porovnanie platných súm minimálnej mzdy.

Uložené v:
Podrobná bibliografia
Hlavný autor: Višňovský, Viliam
Médium: Kapitola
Jazyk:Slovak
Predmet:
Tagy: Pridať tag
Žiadne tagy, Buďte prvý, kto otaguje tento záznam!

MARC

LEADER 00000naa a2200000 4500
001 0241693
005 20180404142405.1
041 0 |a slo 
044 |a SK 
245 1 0 |a Zvýšenie minimálnej mzdy na rok 2018  |c Viliam Višňovský 
520 |a Faktory ovplyvňujúce zvyšovanie minimálnej mzdy. Kaitzov index z pohľadu regiónov. Požiadavky na minimálnu mzdu vyplývajúce z európskej sociálnej charty. Medzinárodné porovnanie platných súm minimálnej mzdy. 
610 2 0 |a mzdy minimálne 
610 2 0 |a Vyšehradská štvorka 
610 2 0 |a Európska únia 
610 2 0 |a indexy 
610 2 0 |a charta 
610 2 0 |a politika sociálna 
610 2 0 |a zamestnávatelia 
610 2 0 |a zamestnanci 
100 1 |a Višňovský, Viliam